Poemas para ler na escola. (Record no. 152467)

MARC details
000 -LÍDER
campo de controle de tamanho fixo 00363 a2200157 4500
001 - NÚMERO DE CONTROLE
campo de controle 152467
040 ## - FONTE DA CATALOGAÇÃO
Instituição que transcreveu o registro Escola São Tomás de Aquino
100 ## - ENTRADA PRINCIPAL--NOME PESSOAL
Nome pessoal MELO NETO, João Cabral de
240 10 - TÍTULO UNIFORME
Título uniforme Poemas para ler na escola.
Idioma da obra por
245 10 - TÍTULO
Título Poemas para ler na escola.
300 ## - DESCRIÇÃO FÍSICA
Extensão 239
362 0# - DATAS DE PUBLICAÇÃO E/OU DESIGNAÇÃO SEQUENCIAL
Datas de publicação e/ou designação sequencial 2010
440 #1 - DECLARAÇÃO DE SÉRIE/ENTRADA ADICIONADA--TÍTULO
Título Objetiva
697 ## - ENTRADA DE ASSUNTO LOCAL--ENTIDADE COLETIVA (RLIN)
Nome corporativo ou nome da jurisdição Poesia
942 ## - ELEMENTOS DE ENTRADA ADICIONADOS (KOHA)
Tipo de material Koha Livros
Holdings
Situação do descarte Situação das perdas Situação física Não pode ser emprestado Biblioteca de origem Biblioteca atual Data de aquisição Total de empréstimos Número de chamada completo Código de barras Data de último acesso Data do preço efetivo Tipo de material Koha Fonte da classificação ou esquema de arquivamento na estante
        ESTA - SÃO BENTO ESTA - SÃO BENTO 30/04/2024   B869.91 MEL POE EST00006506 30/04/2024 30/04/2024 Livros  
        Leonardo Da Vinci - Osasco Leonardo Da Vinci - Osasco 21/02/2026   869.91 M485p ex.1 O020313 21/02/2026 21/02/2026 Livros Classificação Decimal de Dewey